Score 0/30 Timer 03:00
2 Plays Today
Clue 4-Letter Word % Correct
★ Where Did You Sleep ____ Night? ★★ LAST ★
97.9%
★ Smells ___ Teen Spirit ★★ LIKE ★
95.5%
Group of actors in a playCAST
92.3%
Home for beesHIVE
91.2%
Walk through the woodsHIKE
88.8%
★ ____ As You Are ★★ COME ★
87.4%
Bottom of a foot or shoeSOLE
87.3%
Nat King ____COLE
86.1%
CompletedDONE
84.6%
★ Frances Farmer Will ____ Her Revenge on Seattle ★★ HAVE ★
84.4%
Respiratory organ of fishGILL
81.4%
A suit before a lawyerCASE
81.2%
Stephen King novel, 'Under the ____'DOME
80%
Window baseSILL
78.3%
Not spicyMILD
78.1%
Clue 4-Letter Word % Correct
★ The Man Who ____ the World ★★ SOLD ★
77.6%
★ About a ____★ GIRL ★
77.2%
One from CopenhagenDANE
77.1%
Pushed the doorbellRANG
77.1%
A mild curseDANG
68.7%
★ ____ of Fire ★★ LAKE ★
68.4%
Speak angrilyRANT
66.5%
★ Jesus Doesn't ____ Me for a Sunbeam ★★ WANT ★
63.9%
'Short Skirt/Long Jacket' bandCAKE
62.6%
★ (New ____) Polly ★★ WAVE ★
60.1%
To gradually decrease in sizeWANE
58.8%
★ ____ It ★★ MILK ★
57.2%
Natural protein fibre for textilesSILK
55.3%
★ Mari____★ GOLD ★
38.7%
To give a deceptively attractive appearanceGILD
34.3%

Today's Daily Dose

Remove Ads.
Support Sporcle.
Get the best of Sporcle when you Go Orange. This ad-free experience offers more features, more stats, and more fun while also helping to support Sporcle. Thank you for becoming a member.

You're not logged in!

Compare scores with friends on all Sporcle quizzes.
OR
Log In

Show Comments

Extras

Top Quizzes Today


Score Distribution

Your Account Isn't Verified!

In order to create a playlist on Sporcle, you need to verify the email address you used during registration. Go to your Sporcle Settings to finish the process.

Report this User

Report this user for behavior that violates our Community Guidelines.

Details: